| 000 | 01561nam0a22003131 4500 | ||
|---|---|---|---|
| 001 | rc\294076 | ||
| 005 | 20250621022942.0 | ||
| 010 |
_a5-633-00471-X _95000 |
||
| 035 | _a(NLR Aleph) 005524948 | ||
| 090 |
_a5548007 _c5548007 |
||
| 100 | _a20030307d1990 |||y0rusy50 ca | ||
| 101 | 0 | _arus | |
| 102 | _aRU | ||
| 105 | _ay ||||||||| | ||
| 200 | 1 |
_aВстреча _eСб. стихов _f[Ред.-сост. Р. Гумеров] |
|
| 210 |
_aТашкент _cЕш гвардия _d1990 |
||
| 215 |
_a78, [2] с. _d17 |
||
| 327 | 1 | _aСодерж.: За плечами весна / Д. Петин. Звезда над тополями / Б. Рузимухаммад. За пределом / Д. Яковлев. Альбинос / Э. Максумов. Облако / В. Ливиев | |
| 464 | 0 |
_12001#$aЗа плечами весна _1700#1$aПетин$bД. _tЗа плечами весна _aПетин, Д. |
|
| 464 | 0 |
_12001#$aЗвезда над тополями _1700#1$aРузимухаммад$bБ. _tЗвезда над тополями _aРузимухаммад, Б. |
|
| 464 | 0 |
_12001#$aЗа пределом _1700#1$aЯковлев$bД. _tЗа пределом _aЯковлев, Д. |
|
| 464 | 0 |
_12001#$aАльбинос _1700#1$aМаксумов$bЭ. _tАльбинос _aМаксумов, Э. |
|
| 464 | 0 |
_12001#$aОблако _1700#1$aЛивиев$bВ. _tОблако _aЛивиев, В. |
|
| 702 | 1 |
_aГумеров _bР. _gРифат _4340 |
|
| 801 | 0 |
_aRU _bNLR _gpsbo |
|
| 801 | 1 |
_aRU _bELAR _2rusmarc |
|
| 852 |
_aNLR _j90-2/3284 |
||
| 942 | _cBOOK | ||
| 980 | _aNB | ||